000 00926nam a2200289 a 4500
001 000110239
003 CHAP
005 20220329144123.0
008 140805s2013 mx a |r| |||||||spa d
010 _a106701
011 _a107673
020 _a9786078328024
040 _cCHAP
082 0 4 _a634.9
_bM27
245 0 0 _aManglares de México :
_bextensión, distribución y monitoreo /
_cpor María Teresa Rodríguez Zúñiga ...[et al.].
260 _aMéxico, D.F. :
_bComisión Nacional para el Conocimiento y Uso de la Biodiversidad,
_c2013.
300 _a127 p. :
_bil., gráfs., diags., cuadros.
590 _aE6096MTM
_b05
_c20140805
_lUCH01
_h1322
650 1 4 _aÁrboles
_xMéxico.
_96625
650 1 4 _aBiomasa forestal.
_9124964
650 1 4 _aBosques
_xMéxico.
_914341
650 1 4 _aManglares.
_970393
700 1 _aRodríguez Zúñiga, María Teresa
_9127696
901 _aBK
942 _cLIBRO
942 _n0
999 _c106701
_d106701